Guess The Artist By Letter (B) - Statistics

General Stats
  • This quiz has been taken 126 times
    115 since last reset
  • The average score is 8 of 17
Answer Stats
Hint Answer % Correct
Livin' On A Prayer Bon Jovi
95%
Let It Be The Beatles
93%
Born in the USA Bruce Springsteen
91%
Stayin' Alive The Bee Gees
89%
Rebel Yell Billy Idol
64%
Knockin' On Heaven's Door Bob Dylan
61%
(Don't Fear) The Reaper Blue Oyster Cult
55%
I Get Around The Beach Boys
53%
Stand By Me Ben E. King
51%
Rock Lobster The B-52's
51%
Old Time Rock and Roll Bob Seger
36%
Ra Ra Rasputin Boney M.
36%
The Weight The Band
23%
Beyond the Sea Bobby Darin
18%
Raindrops Keep Falling On My Head B. J. Thomas
11%
Day After Day Badfinger
5%
Gimme Little Sign Brenton Wood
1%
No matching quizzes found
Score Distribution
Percent of People with Each Score
Percentile by Number Answered
Your Score History
You have not taken this quiz since the last reset